Personnalités anglophones par lettre - B - Statistiques

Statistiques générales
  • Ce quiz a été pris 708 fois
  • Le résultat moyen est 11 sur 20
Statistiques - réponses
Par images Hint Réponse % Correct
président américain Barack Obama
100%
chanteur Bob Marley
95%
chanteuse Beyoncé
93%
acteur Brad Pitt
90%
chanteur Bruno Mars
86%
chanteuse Billie Eilish
84%
chanteuse Britney Spears
81%
entrepreneur Bill Gates
79%
acteur Bruce Lee
75%
président américain Bill Clinton
61%
acteur Bradley Cooper
55%
acteur Bruce Willis
42%
acteur Benedict Cumberbatch
41%
homme politique Benjamin Franklin
35%
acteur Ben Stiller
30%
chanteur Bono
30%
chanteur Bob Dylan
27%
chanteuse Barbra Streisand
17%
chanteur Billy Joel
7%
joueur de baseball Babe Ruth
4%
Aucun quiz correspondant
Distribution des résultats
% des personnes avec chaque résultat
Percentile par nombre de réponses
Votre historique - résultats
Vous n’avez pas pris ce quiz